01554nam a2200289 4500001000400000003000400004005001700008008004100025020001800066040000800084041001300092082001500105100002600120240001700146245007200163260003200235300001100267520083600278650002501114650003001139650001501169650001301184650001001197655001201207655001601219700002901235162OSt20250528074013.0250129b |||||||g |||| 00| 1 eng d a9788580417234 bpor hengapor a813bC655g1 aCoben, Harlan,d1962- aFool me once aA grande ilusão /cCoben, Harlan ; Tradução de Marcelo Mendes aSão PaulobArqueiroc2017 a301 p. aMaya Stern é uma ex-piloto de operações especiais que voltou recentemente da guerra. Um dia, ela vê uma imagem impensável capturada pela câmera escondida em sua casa: a filha de 2 anos brincando com Joe, seu falecido marido, brutalmente assassinado duas semanas antes. Tentando manter a sanidade, Maya começa a investigar, mas todas as descobertas só levantam mais dúvidas. Conforme os dias passam, ela percebe que não sabe mais em quem confiar, até que se vê diante da mais importante pergunta: é possível acreditar em tudo o que vemos com os próprios olhos, mesmo quando é algo que desejamos desesperadamente? Para encontrar a resposta, Maya precisará lidar com os segredos profundos e as mentiras de seu passado antes de encarar a inacreditável verdade sobre seu marido – e sobre si mesma. 0aLiteratura Americana 0aCrime e Investigação  0aMistério 0aSuspense 0aFilme 0aRomance 0aFicção  aMarcelo MendeseTradutor